000 00416nmm a2200145Ia 4500
008 251105s9999||||xx |||||||||||||||||und||
041 _aspa
100 _aVázquez Sánchez, Isabel
245 0 _aMad Men. Manual de Peggy Olson
264 _a[Madrid, España] :
_bEdiciones B,
_c2015
300 _a137 páginas
650 _aFilm studies
856 _uhttps://public.digitaliapublishing.com/a/54146
942 _cCF
999 _c105531
_d105531